000 00400 a2200157 4500
001 151210
040 _cEscola São Tomás de Aquino
100 _aFARAH, Fábio
240 1 0 _aAs aventuras de Pépin, o pequeno peregrino
_lpor
245 1 0 _aAs aventuras de Pépin, o pequeno peregrino
300 _a104
362 0 _a2012
440 1 _a
697 _a*LITERATURA INFANTO JUVENIL
942 _cBK
999 _c151210
_d151210